000 01370nam a2200337 i 4500
003 EG-GICUC
005 20260121101441.0
008 251208s1952 ua ||||fr|||| 00| 0 ara d
040 _a EG-GICUC
_bara
_c EG-GICUC
_d EG-GICUC
_erda
041 0 _aara
082 0 4 _221
_a341.6
_bع ب . ق
092 0 4 _221
099 _aLaw1 11 341.6 ع ب . ق 1952
100 0 _aعبد العزيز على جميع
_eمؤلف.
245 1 0 _aقانون الحرب /
_cتأليف عبد العزيز على جميع، عبد الفتاح عبد العزيز، حسين درويش.
264 1 _aالقاهرة :
_bمكتبة الانجلو المصرية,
_c[1952].
300 _a300 صفحة ؛
_c24 سم
336 _2rda content
_atext
337 _2rda media
_aComputer
338 _2rda carrier
_aOnline Resource
504 _a. 240-220 ببليوجرافيا: صفحات.
546 _aالنص أغلبه باللغة العربية مع بعض النصوص الإنجليزية
650 0 4 _aالقانون الحربي
_xالقانون الدولي العام
_2qrmak
650 0 4 _2qrmak
651 1 _2qrmak
700 _aعبد الفتاح عبد العزيز
_eمؤلف مشارك.
700 _aحسين درويش
_eمؤلف مشارك.
856 4 0 _uhttps://fll.law.cu.edu.eg/fulltext/bks/B11-05247.pdf
905 _a75
_eHassnaa
942 _2ddc
_cBK
_e21
_n0
999 _c49127
_d49127